| 000 | 00807nam a2200241 a 4500 | ||
|---|---|---|---|
| 005 | 20240925064520.0 | ||
| 008 | 010518s1996 r 000 0 eng d | ||
| 020 | _a8430928898 | ||
| 035 | _aUPN01000106422 | ||
| 049 | _aCG | ||
| 050 | 4 |
_aJX1963 _bP3.9 |
|
| 245 | 0 | 3 |
_aLa paz y el ideal cosmopolita de la ilustración : _ba propósito del bicentenario de Hacia la paz perpetua de Kant / _cedits. Roberto R. Aramayo, Javier Muguerza, Concha Roldán. |
| 260 |
_aMadrid : _bTecnos, _c1996. |
||
| 300 | _a374 p. | ||
| 600 | 1 | 4 |
_aKANT, IMMANUEL, _d1724-1804 - _xCRITICA E INTERPRETACION _912398 |
| 650 | 4 |
_aPaz _96176 |
|
| 700 | 1 |
_aRodríguez Aramayo, Roberto, _eedit. |
|
| 700 | 1 |
_aMuguerza, Javier, _eedit. |
|
| 700 | 1 |
_aRoldán, Concha, _eedit. |
|
| 901 | _a179927 | ||
| 902 | _aMMA/cav | ||
| 905 | _aLibro | ||
| 999 |
_c80334 _d80334 |
||